| 000 | 00650 a2200181 4500 | ||
|---|---|---|---|
| 020 | _a0072320583 (hardcover) | ||
| 020 | _a9780072320589 (hardcover) | ||
| 082 | 0 | 4 | _a519.502465 |
| 090 |
_c4566 _d4566 |
||
| 100 | 1 | _aBowerman, Bruce L-O'Conel,Richard T-Hand,Michael L. | |
| 245 | 1 | 0 |
_aBusiness statistics practice, 2nd edition / _cBruce L-O'Conel,Richard T-Hand,Michael L Bowerman. |
| 250 | _a2nd Ed ed. | ||
| 260 |
_a[S.l.] : _bBoston,MA:McGraw Hil,2000, _c2000. |
||
| 300 |
_a856 p. ; _c28 cm. |
||
| 500 | _aImport. | ||
| 856 | 4 | 0 |
_3Amazon.com _uhttp://www.amazon.com/exec/obidos/ASIN/0072320583/chopaconline-20 |
| 942 |
_aNBS _cBK _k519.502465 BOW |
||
| 999 |
_c347008 _d347008 |
||